Art du cirier / (Record no. 182913)

MARC details
000 -LEADER
campo de control de longitud fija 00915nam a2200229 i 4500
001 - NÚMERO DE CONTROL
campo de control 182913
003 - IDENTIFICADOR DE NÚMERO DE CONTROL
campo de control ES-MaACL
005 - FECHA Y HORA DE LA ÚLTIMA TRANSACCIÓN
campo de control 20260217133608.0
008 - DATOS DE LONGITUD FIJA--INFORMACIÓN GENERAL
campo de control de longitud fija 131216s1762 fr f |||| | fre d
100 1# - ENTRADA PRINCIPAL--NOMBRE DE PERSONA
Nombre de persona Duhamel Du Monceau, Henri-Louis.
9 (RLIN) 146391
245 10 - MENCIÓN DEL TÍTULO
Título Art du cirier /
Mención de responsabilidad, etc. par M. Duhamel du Monceau.
260 ## - PUBLICACIÓN, DISTRIBUCIÓN, ETC.
Lugar de publicación, distribución, etc. [Paris] :
Nombre del editor, distribuidor, etc. Imp. de H.L. Guérin et L.F. Delatour, 1762.
300 ## - DESCRIPCIÓN FÍSICA
Extensión 113 p., 8 lám. ;
Dimensiones 44 cm.
490 1# - MENCIÓN DE SERIE
Mención de serie Descriptions des arts et métiers faites ou approuvées par Messieurs de l'Académie Royale des Sciences
530 ## - NOTA DISPONIBLE DE FORMULARIO FÍSICO ADICIONAL
Nota de formato físico adicional disponible Disponible en formato digital.
650 #4 - PUNTO DE ACCESO ADICIONAL DE MATERIA--TÉRMINO DE MATERIA
Término de materia o nombre geográfico como elemento de entrada Velas-
Subdivisión general Fabricación-
Subdivisión de forma Obras anteriores a 1800.
9 (RLIN) 154000
830 00 - PUNTO DE ACCESO ADICIONAL DE SERIE-TÍTULO UNIFORME
Título uniforme Descriptions des arts et métiers
9 (RLIN) 241750
852 ## - LOCALIZACIÓN
Ubicación ES-MaACL
Número de control de estantería R-57(2)
Encuadernación Olim: C-10827-70
Ubicación en estantería Depósito 1
856 4# - LOCALIZACIÓN Y ACCESO ELECTRÓNICOS
Identificador Uniforme de Recursos <a href="https://archive.org/details/gri_33125010703789">https://archive.org/details/gri_33125010703789</a>
Texto de enlace Internet Archive
942 ## - ELEMENTOS DE ENTRADA SECUNDARIOS (KOHA)
Fuente del sistema de clasificación o colocación Clasificación decimal universal
Holdings
Estatus retirado Estado de pérdida Estado de daño No para préstamo Colección Biblioteca de origen Biblioteca actual Ubicación en estantería Fecha de adquisición Fuente de adquisición Total de préstamos Signatura topográfica completa Código de barras Visto por última vez Precio de reemplazo Tipo de ítem Koha
        Colección digital Biblioteca del Ateneo de Madrid Biblioteca del Ateneo de Madrid Depósito 16/12/2013     R-57(2) 1192242 23/02/2023 23/02/2023 Libro impreso